<?xml version="1.0" encoding="UTF-8"?>
<collection xmlns="http://www.loc.gov/MARC21/slim">
 <record>
  <leader>00376pamaa2200121   4500</leader>
  <controlfield tag="001">0000024731</controlfield>
  <controlfield tag="005">20070129090000.0</controlfield>
  <datafield tag="020" ind1="0" ind2="0">
   <subfield code="a">1861970218 </subfield>
  </datafield>
  <datafield tag="090" ind1="0" ind2="0">
   <subfield code="a">HD30.28 </subfield>
   <subfield code="b">ECO 1998</subfield>
  </datafield>
  <datafield tag="245" ind1="0" ind2="4">
   <subfield code="a">The ECONOMIST Books : </subfield>
   <subfield code="b">pocket strategy  </subfield>
   <subfield code="c">The Economist in Association.</subfield>
  </datafield>
  <datafield tag="260" ind1="0" ind2="0">
   <subfield code="a">London: </subfield>
   <subfield code="b">Profile Books Ltd., </subfield>
   <subfield code="c">1998.</subfield>
  </datafield>
  <datafield tag="300" ind1=" " ind2=" ">
   <subfield code="a">vi, 186p.; </subfield>
   <subfield code="c">19cm.</subfield>
  </datafield>
  <datafield tag="650" ind1="0" ind2="0">
   <subfield code="a">Economics -- </subfield>
   <subfield code="x">Handbooks, manuals, etc. </subfield>
  </datafield>
 </record>
</collection>
